Estatísticas para Dominica

Clique aqui para jogar o quiz

Estatísticas Gerais

  • Esse quiz foi jogado 6 vezes
  • A pontuação média é 8 de 15

Estatísticas das Respostas

HintResposta% Correto
Qual é a sua religião?Cristianismo
100%
Em que mar fica a ilha?Mar do Caribe
100%
Qual é o seu clima?Tropical
100%
Onde fica?América do Norte
80%
Qual é a fruta mais cultivada?Banana
80%
Qual é o seu idioma?Inglês
80%
De que país é independente?Reino Unido
80%
Quem descobriu o país?Cristovão Colombo
60%
Por que outro nome é o país conhecido?Ilha Natureza das Caraíba
40%
Qual é a sua capital?Roseau
40%
Qual é o seu código ISO?DMA
0%
Qual é a sua moeda?Dólar das Caraíbas orientais
0%
Como se chama o famoso festival de música realizado no país?Festival Mundial de Música Crioula
0%
Qual é o prato típico do país?Frango de Montanha
0%
Que ave está representada na bandeira?Papagaio-imperial
0%

Distribuição das Pontuações

Percentil de Números Respondidos

Porcentagem de Pessoas com Cada Pontuação

Sua Pontuação Histórica

Você não jogou esse quiz